University Home | Library Home | Institutional Repository

Indians without tipis : (Record no. 199940)

MARC details
000 -LEADER
fixed length control field 01373cam9a220033701 4500
001 - CONTROL NUMBER
control field lce01000811
008 - FIXED-LENGTH DATA ELEMENTS--GENERAL INFORMATION
fixed length control field 741216s1973 mbca 000 0 eng d
010 ## - LIBRARY OF CONGRESS CONTROL NUMBER
LC control number cn 75000253
015 ## - NATIONAL BIBLIOGRAPHY NUMBER
National bibliography number C75-253-0
020 ## - INTERNATIONAL STANDARD BOOK NUMBER
-- pa. :
Terms of availability
-- .95
035 ## - SYSTEM CONTROL NUMBER
System control number (Sirsi) r30132
035 ## - SYSTEM CONTROL NUMBER
System control number (DLC)cn 75000253
035 ## - SYSTEM CONTROL NUMBER
System control number (UPRA)lce01000811
037 ## - SOURCE OF ACQUISITION
Source of stock number/acquisition Book Society of Canada Ltd., 4386 Sheppard Ave., Agincourt, Ont. M1S 3B6
040 ## - CATALOGING SOURCE
Original cataloging agency CaOONL
Language of cataloging eng
Transcribing agency CaOONL
043 ## - GEOGRAPHIC AREA CODE
Geographic area code n-cn---
055 02 - CLASSIFICATION NUMBERS ASSIGNED IN CANADA
Classification number E78*
082 ## - DEWEY DECIMAL CLASSIFICATION NUMBER
Classification number 301.45/19/7071
100 1# - MAIN ENTRY--PERSONAL NAME
Personal name Sealey, D. Bruce.
Linkage A94628.1
245 10 - TITLE STATEMENT
Title Indians without tipis :
Remainder of title a resource book by Indians and Metis /
Statement of responsibility, etc. edited by D. Bruce Sealey and Verna J. Kirkness for Project Canada West.
260 ## - PUBLICATION, DISTRIBUTION, ETC.
Place of publication, distribution, etc. Winnipeg :
Name of publisher, distributor, etc. W. Clare (Manitoba),
Date of publication, distribution, etc. c1973.
500 ## - GENERAL NOTE
General note Cover title in Cree.
650 #0 - SUBJECT ADDED ENTRY--TOPICAL TERM
Topical term or geographic name entry element Indians of North America -- Canada.
Geographic subdivision Indians of North America -- Canada.
Linkage S37940.1
650 #0 - SUBJECT ADDED ENTRY--TOPICAL TERM
Topical term or geographic name entry element Metis -- Canada.
Geographic subdivision Metis -- Canada.
Linkage S67983.1
650 #6 - SUBJECT ADDED ENTRY--TOPICAL TERM
Topical term or geographic name entry element Indiens -- Amerique du Nord -- Canada.
Geographic subdivision Indiens -- Amerique du Nord -- Canada.
-- Indiens -- Amerique du Nord -- Canada.
Linkage S67984.1
650 #6 - SUBJECT ADDED ENTRY--TOPICAL TERM
Topical term or geographic name entry element Metis -- Canada.
Geographic subdivision Metis -- Canada.
Linkage S67983.1
700 1# - ADDED ENTRY--PERSONAL NAME
Personal name Kirkness, Verna J., 1935-
Dates associated with a name Kirkness, Verna J., 1935-
Linkage A94629.1
710 2# - ADDED ENTRY--CORPORATE NAME
Corporate name or jurisdiction name as entry element Project Canada West.
Linkage A94630.1
949 ## - LOCAL PROCESSING INFORMATION (OCLC)
a E78
w lcc
i -33838
m MAIN
t BOOK
l ON-SHELF

No items available.

© 2026 - The University of Zambia Library - Koha v25.11